000 01324nam0a22002771 4500
001 RU\NLR\INFOCOMM_195\5000070838
005 20260406110626.0
035 _a(NLR Aleph) 009374462
090 _a7943045
_c7943045
100 _a20101226d1989 |||y0rusy50 ca
101 0 _aspa
102 _aRU
105 _ay ||||000|y
200 1 _aPerestroika, causa de todos los pueblos del país
_eDiscurso en el encuentro con los trabajadores en la ciudad de Kíev, 23 de febr. de 1989
_fMijaíl Gorbachov
210 _aM.
_cEd. de la Agencia de prensa "Nóvosti"
_d1989
215 _a32 с.
_d19 см
300 _aНа обороте тит. л.: Перестройка - дело всех народов страны: Речь на встрече с трудящимися в г. Киеве 23 февр. 1989 г. / Михаил Сергеевич Горбачев
606 _aПерестройка социально-экономической жизни общества
_yСССР
_2nlr_sh1
686 _aТ3(2)73-09
_2rubbk
700 1 _4070
_8rus
_7ba
_aGorbačev
_bM. S.
_cгос. деятель
_f1931-2022
_gMichail Sergeevič
_3RU\NLR\AUTH\77110387
_993312
790 1 _9z01700
_aGorbachov
_bM.
_gMijaíl
_4070
801 1 _aRU
_bNLR
_c20101226
801 0 _aRU
_bNLR
_gPSBO
852 _aNLR
_jИр51 Д-4/806
942 _cBOOK
980 _aNB